MARC

LEADER 00000nam0a2200000 4500
001 40761
005 20231031013332.0
010 |a 9856656214 
010 |a 985-6598-60-5 
035 |a (RuTPU)RU\TPU\book\41823 
090 |a 40761 
100 |a 20020522d2002 m y0rusy50 ca 
101 0 |a rus 
102 |a BY 
105 |a y j 001zy 
200 1 |a Основы экономической теории  |e Учебно-методическое пособие  |f М. Г. Муталимов 
210 |a Минск  |c Интерпрессервис  |d 2002  |c Экоперспектива 
215 |a 464 с. 
320 |a Библиогр.: в конце глав. 
610 1 |a экономика 
610 1 |a экономическая теория 
610 1 |a микроэкономика 
610 1 |a макроэкономика 
610 1 |a мировая экономика 
610 1 |a рынок 
610 1 |a рыночная экономика 
610 1 |a переходная экономика 
610 1 |a агропромышленное производство 
610 1 |a спрос 
610 1 |a предложение 
610 1 |a потребление 
610 1 |a фирмы 
610 1 |a доходы 
610 1 |a конкуренция 
610 1 |a ценообразование 
610 1 |a национальная экономика 
610 1 |a финансовая система 
610 1 |a валютные отношения 
610 1 |a экономический рост 
610 1 |a учебные пособия 
686 |a У011я73  |v LBC/SL-A  |2 rubbk 
700 1 |a Муталимов  |b М. Г.  |g Магомед Гамидович 
801 1 |a RU  |b 63413507  |c 20020522  |g PSBO 
801 2 |a RU  |b 63413507  |c 20180530  |g PSBO 
900 |a Экономика 
942 |c BK 
954 |a 521600  |b 030300